000
00297 a2200121 4500
000
nam a22 7a 4500
005
20260224141321.0
020
_a
9789369440610
100
_a
Damodar Mauzo
_9
1116545
245
_a
Jaan Di Jaye Ya Chay Ho Jaye
260
_b
Vani Prakashan
_c
2025
942
_c
TEXL
999
_c
1680131
_d
1680131